000 00208 a2200097 4500
001 42469
100 _aWinter D
245 _aThe first of the few
260 _aLondon
_bAllen lane
_c
090 _c26384
_d26384
942 _aNUST-CAE
_cM
_c18207
999 _c277542
_d277542